Statistiques concernant Noël par lettre - G

Cliquez ici pour prendre le quiz!

Statistiques générales

  • Ce quiz a été pris 237 fois
  • Le résultat moyen est 7 sur 10

Statistiques - réponses

IndiceRéponse% Correct
On l'enroule autour du sapinGuirlande
100%
Etre vert velu voulant voler NoëlGrinch
89%
On y patine ou on y glisse selon la chaussureGlace
86%
Roi mage avec Melchior et BalthazarGaspard
79%
Chanteur québécois à l'origine d'une
reprise célèbre de Petit garçon
Garou
72%
Archange annonçant la naissance du ChristGabriel
68%
Seul Président de l'URSS, il démissionna
le 25 décembre 1991
Mikhaïl Gorbatchev
65%
Ingrédient typique du pain d'épices, il lui
donne même son nom anglais
Gingembre
53%
Duc de Normandie couronné Roi
d'Angleterre le 25 décembre 1066
Guillaume Ier
51%
Film dans lequel un père achète un mogwaï
à son fils mais où les choses tournent mal
Gremlins
44%

Distribution des résultats

Percentile par nombre de réponses

% des personnes avec chaque résultat

Votre développement - résultats

Vous n’avez pas pris ce quiz